[Event "Moscow Aeroflot op-A 16th"]
[Site "Moscow"]
[Date "2017.02.21"]
[Round "1"]
[White "Lalith, Babu MR"]
[Black "Abdusattorov, Nodirbek"]
[Result "0-1"]
[WhiteElo "2584"]
[BlackElo "2429"]
[PlyCount "38"]
[EventDate "2017.02.21"]
[EventType "swiss"]
[EventRounds "9"]
[EventCountry "RUS"]
[SourceTitle "CBM 177"]
[Source "ChessBase"]
[SourceDate "2017.03.16"]
[SourceVersion "1"]
[SourceVersionDate "2017.03.16"]
[SourceQuality "1"]

1. d4 Nf6 2. c4 e6 3. Nc3 Bb4 4. Qc2 d5 5. cxd5 exd5 6. Bg5 h6 7. Bh4 O-O 8. e3 Be6 ({RR} 8... Re8 9. Bd3 Be7 10. Nge2 b6 11. O-O Bb7 12. Rad1 Nbd7 13. f3 c5 14. Bf2 a6 15. Bf5 Qc7 16. Bxd7 Qxd7 17. e4 dxe4 18. dxc5 Qc6 19. Nxe4 Nxe4 20. fxe4 Bxc5 21. Bxc5 Rxe4 22. Ng3 Re5 23. Rd6 {Alexandri,V (1927)-Shuqja,K (2049) Rhodes GRE 2025 0-1 (35)}) 9. a3 ({RR} 9. Nge2 Nbd7 10. a3 Be7 11. Nf4 c5 12. dxc5 Nxc5 13. Rd1 Rc8 14. Bxf6 Bxf6 15. Ncxd5 Bxd5 16. Nxd5 Qd6 17. Be2 Qe5 18. O-O b6 19. Bg4 Rcd8 20. Bf3 Rfe8 21. b4 Ne6 22. g3 Ng5 23. Bg2 Ne6 {Mamedyarov,S (2764)-Fakhrutdinov,T (2501) Chess.com INT 2020 1-0 (50)}) 9... Be7 10. Bd3 c5 11. dxc5 $146 ({RR} 11. Nge2 c4 12. Bxf6 Bxf6 13. Bh7+ Kh8 14. Bf5 Qd7 15. g4 Nc6 16. O-O-O Bxf5 17. Qxf5 Qxf5 18. gxf5 Ne7 19. h4 Rfd8 20. Nf4 Rab8 21. a4 b6 22. Rdg1 a6 23. Rg4 Rd6 24. Nh5 Nxf5 25. Nxf6 gxf6 {Harsha,B (2309)-Shyam,N (2454) Chennai 2015 ½-½ (55)}) ({RR} 11. Nf3 Nc6 12. dxc5 d4 13. Bxf6 Bxf6 14. Ne4 dxe3 15. Nxf6+ Qxf6 16. fxe3 Ne5 17. O-O Nxd3 18. Qxd3 Rad8 19. Nd4 Qe5 20. b4 Bd5 21. Rad1 Be4 22. Qe2 Rde8 23. Qf2 f5 24. Nb5 Re6 25. Rd6 Rff6 {Nechaeva,M (2410)-Unuk,L (2355) Ankara 2018 ½-½ (52)}) 11... d4 12. exd4 Nc6 13. Nge2 Nxd4 14. Nxd4 Qxd4 15. Ne4 Nxe4 16. Bxe7 Bb3 17. Qe2 Nxf2 18. Qxf2 Qxd3 19. Qh4 Bc4 0-1

[Event "Prague Challengers 4th"]
[Site "Prague"]
[Date "2022.06.08"]
[Round "1"]
[White "Niemann, Hans Moke"]
[Black "Abdusattorov, Nodirbek"]
[Result "1/2-1/2"]
[WhiteElo "2678"]
[BlackElo "2661"]
[PlyCount "98"]
[EventDate "2022.06.08"]
[EventType "tourn"]
[EventRounds "9"]
[EventCountry "CZE"]
[EventCategory "15"]
[SourceTitle "CBM 209"]
[Source "ChessBase"]
[SourceDate "2022.08.31"]
[SourceVersion "1"]
[SourceVersionDate "2022.08.31"]
[SourceQuality "1"]

1. d4 Nf6 2. c4 e6 3. Nc3 Bb4 4. e3 O-O 5. Bd3 d5 6. a3 Bxc3+ 7. bxc3 dxc4 8. Bxc4 c5 9. Ne2 b6 10. O-O Qc7 11. Bd3 Ba6 12. e4 Bxd3 13. Qxd3 Nbd7 14. Bg5 $146 ({RR} 14. f3 Rac8 15. a4 Rfd8 16. Bf4 e5 17. Bg3 cxd4 18. cxd4 Qb7 19. Qe3 exd4 20. Nxd4 Nc5 21. Nf5 Ne8 22. a5 Rd3 23. Qg5 f6 24. Qg4 Rcd8 25. axb6 axb6 26. h4 b5 27. Bf2 Rc3 28. h5 b4 {Chepukaitis,G-Reshko,A Leningrad 1967 1-0 (46)}) 14... h6 15. Bh4 b5 16. f3 a6 17. g4 Rfc8 18. Qe3 cxd4 19. cxd4 Qb6 20. g5 hxg5 21. Bxg5 Rc2 22. Kh1 e5 23. Rg1 Rac8 24. Rad1 Ra2 25. Rd2 Rcc2 26. Rxc2 Rxc2 27. Qd3 Rc4 28. Be3 Qc7 29. Qd1 g6 30. Qd3 Rc2 31. Rd1 Ra2 32. Rd2 Rxd2 33. Qxd2 Ne8 34. dxe5 Nxe5 35. Bf4 Nc4 36. Qd5 Qc8 37. Nd4 Nf6 38. Qg5 Qd8 39. Be5 Nxe5 40. Qxe5 Nh5 41. Kg2 a5 42. Kf2 Qh4+ 43. Ke3 Qe1+ 44. Ne2 Qb1 45. Qe8+ Kg7 46. Qe5+ Kg8 47. Qe8+ Kg7 48. Qe5+ Kh7 49. Qd5 Kg7 1/2-1/2

[Event "Chigorin Memorial 23rd"]
[Site "St Petersburg"]
[Date "2015.10.07"]
[Round "5"]
[White "Rozum, Ivan"]
[Black "Abdusattorov, Nodirbek"]
[Result "1/2-1/2"]
[WhiteElo "2547"]
[BlackElo "2432"]
[PlyCount "113"]
[EventDate "2015.10.03"]
[EventType "swiss"]
[EventRounds "9"]
[EventCountry "RUS"]
[SourceTitle "CBM 168 Extra"]
[Source "ChessBase"]
[SourceDate "2015.10.29"]
[SourceVersion "1"]
[SourceVersionDate "2015.10.29"]
[SourceQuality "1"]

1. d4 {ChessBase II} Nf6 2. c4 e6 3. Nc3 Bb4 4. e3 O-O 5. Nge2 d5 6. a3 Be7 7. cxd5 exd5 8. Nf4 Re8 9. Bd3 Bd6 10. O-O Bxf4 11. exf4 Nc6 12. Be3 Ne7 13. Re1 ({RR} 13. Qc2 g6 14. f3 Bf5 15. g4 Bxd3 16. Qxd3 Kg7 17. Rae1 Qd7 18. Bf2 h5 19. h3 c6 20. Ne2 hxg4 21. hxg4 Nfg8 22. Bh4 f5 23. Ng3 Rf8 24. Re5 Rf7 25. Qe2 Kf8 26. Re6 Rc8 27. b4 b6 {Caruana,F (2811)-So,W (2792) Wijk aan Zee 2018 CBM 183 [ChessBase II] ½-½ (48)}) 13... Nf5 14. Bxf5 $146 ({RR} 14. Qc2 g6 15. h3 h5 16. Rac1 Kg7 17. b4 Nd6 18. Nb5 Nxb5 19. Bxb5 c6 20. Bd3 Ne4 21. b5 Bd7 22. bxc6 bxc6 23. f5 Bxf5 24. Qxc6 Rc8 25. Qa4 Rxc1 26. Bxc1 Qc8 27. Bf4 Qc3 28. Rd1 Nd6 {Bajarani,U (2522)-Sadilek,P (2357) Arad 2015 1-0 (36)}) 14... Bxf5 15. f3 h5 16. Bf2 Rxe1+ 17. Qxe1 Qd6 18. Qe5 Qd7 19. Qe2 Re8 20. Qd2 Qd6 21. h3 Bd7 22. g4 hxg4 23. hxg4 Nh7 24. f5 g6 25. fxg6 Qxg6 26. Re1 c6 27. Rxe8+ Bxe8 28. Be3 Bd7 29. Ne2 f5 30. g5 b6 31. Nc1 Qh5 32. Qg2 Qh4 33. Nd3 f4 34. Bf2 Qxg5 35. Nxf4 Qxg2+ 36. Kxg2 Nf8 37. Kg3 Kf7 38. Be3 Ng6 39. Nd3 a5 40. Bf4 Bf5 41. Nf2 b5 42. Bc7 a4 43. Ng4 Ke6 44. Ba5 Bxg4 45. fxg4 Kf6 46. Bd8+ Ke6 47. Bh4 Kd6 48. g5 c5 49. dxc5+ Kxc5 50. Kg4 d4 51. Be1 d3 52. Kf5 Nf8 53. Ke4 Kc4 54. Bd2 Ng6 55. Bc3 Nf8 56. Ke3 Ng6 57. Ke4 1/2-1/2

[Event "Moscow Aeroflot op-A 16th"]
[Site "Moscow"]
[Date "2017.02.26"]
[Round "6"]
[White "Sandipan, Chanda"]
[Black "Abdusattorov, Nodirbek"]
[Result "1/2-1/2"]
[WhiteElo "2573"]
[BlackElo "2429"]
[PlyCount "71"]
[EventDate "2017.02.21"]
[EventType "swiss"]
[EventRounds "9"]
[EventCountry "RUS"]
[SourceTitle "CBM 177"]
[Source "ChessBase"]
[SourceDate "2017.03.16"]
[SourceVersion "1"]
[SourceVersionDate "2017.03.16"]
[SourceQuality "1"]

1. d4 Nf6 2. c4 e6 3. Nc3 Bb4 4. e3 O-O 5. Bd2 d5 6. Nf3 Nbd7 7. Rc1 c6 8. Bd3 Bd6 9. O-O dxc4 10. Bxc4 e5 11. Qc2 Qe7 12. h3 b5 $146 ({RR} 12... a6 13. Bb3 Kh8 14. Rfe1 h6 15. e4 exd4 16. Nxd4 Qe5 17. Nf3 Qh5 18. Ne2 Ne5 19. Nxe5 Bxe5 20. Nf4 Bxf4 21. Bxf4 Qg6 22. Re3 Re8 23. Rce1 Be6 24. Bh2 Bxb3 25. Qxb3 Re7 26. Bd6 Rd7 27. Be5 {Pantzar,M (2465)-Urkedal,F (2536) Stockholm SWE 2022 ½-½ (82)}) ({RR} 12... e4 13. Ng5 Nb6 14. Bb3 Bf5 15. f3 Rae8 16. fxe4 Bxe4 17. Ncxe4 Nxe4 18. Nxf7 Nd5 19. Nxd6 Qxd6 20. Rxf8+ Qxf8 21. Bxd5+ cxd5 22. Rf1 Qd6 23. Qd3 h6 24. Bc3 Rc8 25. Qb5 b6 26. Rf5 Rd8 27. Bb4 {Gales,R (2247)-Gustafsson,J (2597) chess.com INT 2025 1-0 (47)}) ({RR} 12... h6 13. Bb3 e4 14. Nh4 Re8 15. Nf5 Qf8 16. f3 exf3 17. Rxf3 Bb8 18. e4 c5 19. e5 cxd4 20. exf6 dxc3 21. fxg7 Qc5+ 22. Be3 Rxe3 23. Nxh6+ Kxg7 24. Rxf7+ Kxh6 25. Qh7+ Kg5 26. h4+ {1-0 (26) Savina,A (2345)-Koljevic,N (2042) Petrovac MNE 2023}) 13. Bd3 Bb7 14. Ng5 h6 15. Nge4 a6 16. f4 exd4 17. exd4 c5 18. Ng3 Qd8 19. Nce4 Be7 20. dxc5 Nxc5 21. Nxf6+ Bxf6 22. Bh7+ Kh8 23. Rfd1 Qd4+ 24. Kh2 Qxb2 25. Be3 Na4 26. Be4 Bxe4 27. Nxe4 Rfe8 28. Qc6 Rad8 29. Nd6 Rxe3 30. Nxf7+ Kh7 31. Nxd8 Nc3 32. Rd7 Ne4 33. Ne6 Qf2 34. Nf8+ Kh8 35. Ng6+ Kh7 36. Nf8+ 1/2-1/2

[Event "Prague Challengers 4th"]
[Site "Prague"]
[Date "2022.06.16"]
[Round "8"]
[White "Sasikiran, Krishnan"]
[Black "Abdusattorov, Nodirbek"]
[Result "1/2-1/2"]
[WhiteElo "2635"]
[BlackElo "2661"]
[PlyCount "99"]
[EventDate "2022.06.08"]
[EventType "tourn"]
[EventRounds "9"]
[EventCountry "CZE"]
[EventCategory "15"]
[SourceTitle "CBM 209"]
[Source "ChessBase"]
[SourceDate "2022.08.31"]
[SourceVersion "1"]
[SourceVersionDate "2022.08.31"]
[SourceQuality "1"]

1. d4 {Krasenkow,Michal} Nf6 2. c4 e6 3. Nc3 Bb4 4. f3 d5 5. a3 Be7 6. e4 dxe4 7. fxe4 c5 ({RR} 7... e5) 8. d5 exd5 ({RR} 8... O-O 9. Bd3 ({RR} 9. Nf3) 9... Bd6 10. Bg5 Nbd7 11. Nf3 exd5 12. Nxd5 h6 13. Bh4 Qa5+ 14. Qd2 Qxd2+ 15. Kxd2 Ng4) 9. exd5 ({RR} 9. cxd5 Bd6 10. Bb5+ Nbd7 11. Bg5 O-O 12. Nf3 Qc7 13. Bxd7 Nxd7 14. O-O a6 15. a4 b6 16. h3 Re8) 9... O-O 10. Bd3 ({RR} 10. Be2 Re8 ({RR} 10... Bd6 11. Nb5 a6 12. Nxd6 Qxd6 13. Nf3 Bg4 14. O-O Nbd7 15. Nh4 ({RR} 15. b3) 15... Bxe2 16. Qxe2 Rae8 17. Qf3 Qe5) 11. Nf3 Bg4 12. O-O Nbd7 ({RR} 12... Bd6 13. Nb5 ({RR} 13. h3 Bh5 ({RR} 13... Bxf3) 14. Bg5 Nbd7 15. Qc2 a6 16. Bd3 Qc7 17. Nh4 Bg6 18. Nf5 Bxf5 19. Bxf5 Be5) {RR} 13... a6 14. Nxd6 Qxd6 15. b3 Nbd7 16. Qd2 Re7 17. Bb2 Ne4 18. Qc2) 13. d6 ({RR} 13. Bg5 h6 14. Bh4 Bd6 15. Qc2 Qb8 16. h3 ({RR} 16. Kh1 Bh5 17. Nb5 Bxh2) 16... Bh5 17. Bd3 Bg3) 13... Bf8 14. h3 Bh5 15. Nb5 Re6 ({RR} 15... Qb6 16. Nc7 Bxd6 17. Nxa8 Rxa8) ({RR} 15... Rb8 16. Nc7 ({RR} 16. Nxa7 Bxd6 17. Qxd6 Rxe2) ({RR} 16. Bf4 a6 17. Nc7 Re4) 16... Re4 17. Bd3 Bxd6 18. Bxe4 Qxc7) 16. Bf4 a6 ({RR} 16... Re4 17. Qd2 Nb6 18. Rad1 Nxc4 19. Bxc4 Rxc4 20. Be5) 17. Nc7 Re4 18. Bh2 ({RR} 18. Qd2) 18... Rc8 19. g4 ({RR} 19. Bd3 Bxf3 20. Qxf3 Ne5) ({RR} 19. Qc2 Ne5 ({RR} 19... Bxd6 20. Bxd6 Rxc7 21. Bxc7 Qxc7 22. Bd3) 20. Bxe5 Bxf3 21. Bxf6 Rxe2 22. Qxe2 Bxe2 23. Bxd8 Rxd8 24. Rf4 Bxd6 25. Re4 Bxc4 26. Rd1 Be6 27. Nxe6 fxe6 28. Rf1) 19... Bxg4 ({RR} 19... Nxg4 20. hxg4 Rxg4+ 21. Kh1 Rg6 22. Rf2) 20. hxg4 Nxg4 ({RR} 20... Rxg4+ 21. Kh1 Ne4) 21. Bd3 Nxh2 22. Bxe4 Nxf1 23. Qxf1 Bxd6 ({RR} 23... Nf6 24. Bxb7 Rb8 25. Bd5 Qxd6) 24. Nd5 g6 {Caruana,F (2842)-Alekseenko,K (2698) Ekaterinburg 2020 CBM 202 [Krasenkow,Michal] 1-0 (34)}) ({RR} 10. Bf4 Re8 11. Be2 Bg4 12. Qd2 Nh5 13. Be3 Bd6 14. O-O-O Rxe3 15. Bxg4 Rxc3+ 16. Qxc3 Qg5+) ({RR} 10. Nf3 Bg4 ({RR} 10... Re8) 11. Be2 ({RR} 11. h3 Bxf3 ({RR} 11... Bh5) 12. Qxf3 Bd6 13. Be2 Nbd7 14. O-O a6 ({RR} 14... Be5) 15. g4 h6 16. h4 Qe7 17. g5) 11... Bd6 ({RR} 11... Bxf3 12. Bxf3 Bd6 13. O-O Nbd7 14. g3 a6 15. Bg2 Re8 16. Bf4 Qb6) 12. O-O ({RR} 12. Nb5 Bxf3 13. Bxf3 Re8+) 12... Nbd7 ({RR} 12... Bxf3 13. Rxf3 Nbd7 14. Rh3 Re8 15. Bd3 Be5) 13. Bg5 ({RR} 13. Ng5 Bxe2 14. Qxe2 Re8 15. Qc2 h6 16. Nf3 Ne5 17. Nxe5 Bxe5) ({RR} 13. h3 Bxf3 14. Rxf3 Qe7 15. Bg5 Rae8 16. Qd2 Qe5 17. Bf4 Qe7 18. Bg5 Qe5 19. Bf4) 13... Re8 14. Qd2 Qb8 15. h3 Bh5 16. Bd3 h6 17. Be3 Bg3) ({RR} 10. Nf3 Bg4 11. Be2 Bd6 12. O-O Bxf3 13. Bxf3 a6 14. g4 Be5 15. Kh1 Ne8 16. Ne4 Nd7 17. Be3 Nd6 18. Qc2 Qc7 19. Ng5 g6 20. Qg2 Rfe8 21. Rae1 Nf8 22. Bc1 Re7 23. b3 Rae8 24. Ne6 Nxe6 {Van Foreest,J (2680)-Abdusattorov,N (2731) Tashkent UZB 2023 0-1 (42)}) 10... Bg4 ({RR} 10... Bd6 11. Nge2 Re8 12. Bg5 h6 13. Bh4 Nbd7 14. Qd2 Ne5 15. O-O-O Nxd3+ 16. Qxd3 Bg4 17. Rdf1 Be5 18. Bg3 Nd7 19. h3 Bxe2 20. Nxe2 Bxg3 21. Nxg3 Qg5+ 22. Kb1 Ne5 23. Qc3 Nxc4 24. Qxc4 Qxg3 25. Qxc5 {Cordts,I (2143)-Peeters,A (2091) Belgium BEL 2025 0-1 (55)}) 11. Nge2 Nbd7 12. O-O Bd6 $146 ({RR} 12... Re8 13. Qc2 h6 14. Bf4 Nh5 15. Ng3 Nxf4 16. Rxf4 Ne5 17. Re1 Nxd3 18. Qxd3 Bd7 19. Ref1 Rf8 20. Nce4 b6 21. Qf3 Qc7 22. Qh5 g6 23. Qxh6 Qe5 24. Rf6 Rae8 25. Ng5 Qd4+ 26. Kh1 {1-0 (26) Amartuvshin,G (2350)-Nihal,S (2620) Chess.com INT 2020}) 13. Qc2 Re8 14. Ng3 Qb8 15. Bd2 Bxg3 16. hxg3 Qxg3 17. Bf4 Qh4 18. Qf2 Qh5 19. Rfe1 b6 20. Nb5 Ne5 21. Bf1 Bd7 22. Nd6 Re7 23. b4 Neg4 24. Qf3 Rxe1 25. Rxe1 cxb4 26. axb4 b5 27. Re7 bxc4 28. Bxc4 Rb8 29. b5 Rf8 30. Qh3 Qg6 31. Bd3 Nf2 32. Bxg6 Nxh3+ 33. gxh3 hxg6 34. Be5 Bxh3 35. Bxf6 gxf6 36. Rxa7 Rd8 37. Nxf7 Rxd5 38. b6 Bc8 39. Nh6+ Kf8 40. Ra8 Kg7 41. Rxc8 Rb5 42. Ng4 Rxb6 43. Rc7+ Kf8 44. Kf2 Re6 45. Kf3 Re7 46. Rc6 Kg7 47. Rxf6 Rf7 48. Rxf7+ Kxf7 49. Kf4 g5+ 50. Kxg5 1/2-1/2

[Event "Tata Steel-B 82nd"]
[Site "Wijk aan Zee"]
[Date "2020.01.21"]
[Round "9"]
[White "Smirnov, Anton"]
[Black "Abdusattorov, Nodirbek"]
[Result "0-1"]
[WhiteElo "2604"]
[BlackElo "2635"]
[PlyCount "192"]
[EventDate "2020.01.11"]
[EventType "tourn"]
[EventRounds "13"]
[EventCountry "NED"]
[EventCategory "15"]
[SourceTitle "CBM 194"]
[Source "ChessBase"]
[SourceDate "2020.01.27"]
[SourceVersion "1"]
[SourceVersionDate "2020.01.27"]
[SourceQuality "1"]

1. d4 {Anand,Viswanathan} Nf6 2. c4 e6 3. Nc3 Bb4 4. f3 d5 5. a3 Bxc3+ 6. bxc3 c5 7. cxd5 Nxd5 8. dxc5 Qa5 9. e4 Ne7 10. Be3 O-O 11. Qb3 Qc7 12. Bb5 Nec6 13. Ne2 Na5 ({RR} 13... e5 14. O-O Be6 15. Qa4 a6 ({RR} 15... Na5 16. Nd4 exd4 17. cxd4 Bd7 18. d5 a6 19. Bxd7 Nxd7 20. Rac1 Rac8 21. Bd2 Nc4 22. Qxc4) 16. Bc4 Bxc4 17. Qxc4 Na5 18. Qa4 Nd7 19. Rfd1 Nxc5 20. Qb4 b6) 14. Qb4 ({RR} 14. Qa4 Nd7 15. Rd1 Ne5 16. Qb4 Nec6 17. Bxc6 Nxc6 18. Qa4 e5 19. O-O Be6 20. c4 Na5 21. Rd5 b6 22. Nc3 Rac8 23. cxb6 axb6 24. c5 Bxd5 25. Nxd5 Qb7 26. Nxb6 Rcd8 27. Qxa5 {1-0 (27) Ebrahimi Herab,H (2417)-Blanco Diez,D (2290) chess.com INT 2025}) 14... e5 15. Nd4 ({RR} 15. O-O Be6 ({RR} 15... Na6 16. Bxa6 bxa6 17. Rfd1 Be6 18. c6 Nc4 19. Bc5 Rfc8 20. Qb7 g6) ({RR} 15... a6 16. Bd3 Nbc6 17. Qb6 Qxb6 18. cxb6 Be6) 16. Nd4 ({RR} 16. Rfd1 Bb3 17. Rd6 Nbc6 18. Bxc6 bxc6 19. c4 Rab8 20. Qc3 Nxc4 21. Rb1 Ba2 22. Rxb8 Rxb8 23. Nc1 Nxd6 24. cxd6 Qxd6 25. Nxa2 Qd1+ 26. Kf2 Qb3) 16... exd4 17. cxd4 Nbc6 ({RR} 17... a6 18. Be2 Re8 19. Qc3 ({RR} 19. Bf2 Nbc6 20. Qc3 Qf4 21. Rab1 Qf6) 19... Nd7 ({RR} 19... Nbc6 20. d5 Bxd5 21. exd5 Qe5 ({RR} 21... Qe7 22. Bd2 Qxe2 23. dxc6 Nxc6 24. Rfe1 Qb5 25. Rxe8+ Rxe8 26. a4) 22. Qxe5 Rxe5 23. dxc6 Nxc6 24. Kf2 Rae8 25. Bxa6 bxa6 26. Rfe1) 20. Rab1 b5 ({RR} 20... Nf6 21. Rb6 Nc6 22. Rfb1 Nd8 23. Bg5) 21. d5 Bxd5 22. exd5 Qe5 23. Qxe5 Rxe5 24. Bd2 Rxe2 25. Bxa5 Nxc5 26. Rfc1 Nb7 27. Bb4 a5 28. Be1 Nd6 29. Bg3 Nf5 30. Bf4 Nh4 ({RR} 30... Ree8 31. Bc7) 31. Kf1) 18. Qc3 Ne7 19. Rfd1 Rad8 ({RR} 19... Rfd8 20. Bf2 Nac6 21. Rab1 ({RR} 21. d5 Nxd5 22. exd5 Rxd5 23. Rxd5 Bxd5 24. Rd1) ({RR} 21. Bg3 Qa5 22. Qxa5 Nxa5 23. Rab1 Ba2) 21... Qf4 ({RR} 21... Rd7 22. Bh4) 22. d5 ({RR} 22. Bg3 Qf6 23. Bd6 Nc8)) 20. Bf2 a6 ({RR} 20... Nac6 21. Bg3 Qa5 22. Qxa5 Nxa5 23. Bd6) ({RR} 20... f5 21. d5) ({RR} 20... b6 21. c6 a6 22. Bxa6 Naxc6 23. d5 Bxd5 24. exd5 Rxd5 25. Rac1) 21. Bg3 Qc8 22. Bf1 b6 ({RR} 22... Nac6 23. Bd6) 23. Rab1 Nb3 24. Rxb3 Bxb3 25. Qxb3 bxc5 26. d5 Ng6 27. Qb6 f5 28. Bxa6 Qd7 29. Bb5 Qf7 {Anand,V (2810)-Wang,H (2731) Wijk aan Zee 2011 CBM 141 [Anand,Viswanathan] 1-0 (33)}) ({RR} 15. Rd1 Na6 16. Qa4 Be6 17. Bxa6 bxa6 18. Rd5 Rab8 19. O-O Bxd5 20. exd5 Rb5 21. d6 Qc6 22. c4 Rxc5 23. Qb4 Rxc4 24. Qxa5 Qxd6) 15... Nbc6 $146 ({RR} 15... exd4 16. cxd4 b6 17. Rc1 Qd8 18. O-O bxc5 19. Rxc5 Na6 20. Rxc8 Nxb4 21. Rxd8 Rfxd8 22. axb4 Rab8 23. Be2 Rxb4 24. d5 Nb7 25. Bxa7 f5 26. Bd3 Ra8 27. Bf2 Ra3 28. Bb1 Ra1 29. Bd3 Ra3 30. Bb1 {Martinovic,S (2546)-Kuljasevic,D (2560) Porec 2022 ½-½ (31)}) 16. Qb2 Rb8 17. Nf5 Be6 18. O-O a6 19. Ba4 Nc4 20. Qf2 Ne7 21. Nd6 Nxe3 22. Qxe3 b6 23. Rfd1 bxc5 24. Rd2 Nc8 25. Nxc8 Rbxc8 26. Rad1 Rb8 27. h4 Qa5 28. Bc6 Bb3 29. Ra1 c4 30. Bd5 Kh8 31. Kh2 Rbd8 32. g4 Rd6 33. h5 Rf6 34. Kg3 h6 35. Rg2 Rd8 36. Kf2 Rxd5 37. exd5 Qxd5 38. g5 hxg5 39. Qxg5 Rxf3+ 40. Kg1 Qc5+ 41. Kh2 Qf8 42. Rag1 Ba4 43. Rd2 f6 44. Qg6 Rd3 45. Rxd3 cxd3 46. h6 gxh6 47. Qxd3 h5 48. c4 e4 49. Qxe4 Bd7 50. Qh4 Qf7 51. c5 Bc6 52. Qf4 Kh7 53. Kh3 Qe6+ 54. Kh4 Bd7 55. Rh1 Kg6 56. Qd4 Kf7 57. Qf4 Qd5 58. Rf1 Qe6 59. Rf3 Qe1+ 60. Rf2 Qc3 61. Qf3 Qd4+ 62. Qf4 Qc3 63. Qf3 Qd4+ 64. Kg3 h4+ 65. Kh2 Bc6 66. Qb3+ Kg7 67. Qb2 Qd8 68. Qd2 Qe8 69. Qf4 Qg6 70. Qxh4 Kf7 71. Qc4+ Ke7 72. Re2+ Kf8 73. Qh4 Kf7 74. Rf2 Ke7 75. Re2+ Kf7 76. Qh3 Kf8 77. Qc8+ Be8 78. Qh3 Bc6 79. Rd2 Qe4 80. Qc8+ Kf7 81. Qc7+ Kg6 82. Qg3+ Kf7 83. Kg1 Qb1+ 84. Kf2 Qf5+ 85. Ke1 Qe4+ 86. Kf2 Qf5+ 87. Ke2 Bb5+ 88. Rd3 Qxd3+ 89. Qxd3 Ke6 90. c6 Bxd3+ 91. Kxd3 Kd6 92. Ke4 Kxc6 93. Kf5 Kb5 94. Kxf6 Ka4 95. Ke5 Kxa3 96. Kd4 Kb3 0-1

[Event "chess.com SpeedChess 2022"]
[Site "chess.com INT"]
[Date "2022.12.08"]
[Round "1.33"]
[White "So, W.."]
[Black "Abdusattorov, Nodirbek"]
[Result "1/2-1/2"]
[WhiteElo "2760"]
[BlackElo "2713"]
[PlyCount "70"]
[EventDate "2022.11.23"]
[EventType "k.o."]

1. d4 Nf6 2. c4 e6 3. Nc3 Bb4 4. e3 O-O 5. Bd3 d5 6. a3 Be7 7. Nf3 b6 8. cxd5 exd5 9. O-O Bb7 10. b4 c6 $146 ({RR} 10... Nbd7 11. Ne5 c5 12. bxc5 bxc5 13. Rb1 Nb6 14. dxc5 Bxc5 15. Nb5 Qe7 16. Nf3 Nc4 17. Nfd4 Ne4 18. Qh5 g6 19. Qh6 Ned2 20. Bxc4 Nxb1 21. Bd3 a6 22. Bb2 f6 23. Bxg6 hxg6 24. Qxg6+ Qg7 25. Qxb1 {Sarana,A (2675)-Esipenko,A (2723) Chess.com INT 2022 1-0 (53)}) ({RR} 10... Nbd7 11. Bb2 a6 12. Qc2 Rc8 13. Rad1 Bd6 14. b5 a5 15. e4 dxe4 16. Nxe4 Nxe4 17. Bxe4 Bxe4 18. Qxe4 Qe7 19. Qc6 f6 20. Nd2 Nb8 21. Qc2 Rfe8 22. Nc4 Nd7 23. Ne3 Qf7 24. Rfe1 Nf8 25. g3 {Aditya,M (2547)-Daneshvar,B (2621) Sharjah UAE 2025 ½-½ (35)}) 11. Qb3 Nbd7 12. Rd1 Bd6 13. e4 dxe4 14. Nxe4 Nxe4 15. Bxe4 Nf6 16. Bg5 h6 17. Bxf6 Qxf6 18. b5 Rac8 19. Rac1 Bf4 20. Rc3 Rfe8 21. Qc2 Qe7 22. Bxc6 Red8 23. g3 Bd6 24. Re1 Qc7 25. Rc1 Qe7 26. Kg2 Bxc6 27. bxc6 Bc7 28. a4 Qd6 29. Re1 a6 30. h4 b5 31. Rb1 Ba5 32. Rc5 Bb6 33. Rc3 Ba5 34. Rc5 Bb6 35. Rc3 Ba5 1/2-1/2

[Event "chess.com SpeedChess 2022"]
[Site "chess.com INT"]
[Date "2022.12.08"]
[Round "1.37"]
[White "So, W.."]
[Black "Abdusattorov, Nodirbek"]
[Result "1-0"]
[WhiteElo "2760"]
[BlackElo "2713"]
[PlyCount "113"]
[EventDate "2022.11.23"]
[EventType "k.o."]

1. d4 {Ftacnik,Lubomir} Nf6 2. c4 e6 3. Nc3 Bb4 4. e3 O-O 5. Bd3 d5 6. a3 Bxc3+ 7. bxc3 c5 8. cxd5 exd5 9. Ne2 b6 10. O-O Ba6 11. f3 Re8 12. Ng3 Qc8 13. Ra2 ({RR} 13. Bxa6 Nxa6 14. Qd3 Qb7 15. Ra2 Re6 16. Re2 Rae8 17. Rfe1 h5 18. Qf5 ({RR} 18. e4 h4) 18... g6 19. Qf4 Qd7 20. Bb2 cxd4 21. cxd4 Rc6 22. e4 Nc7 23. Nf1 ({RR} 23. e5) 23... a5 24. h3 Kg7 25. g4 hxg4 26. hxg4 Ne6 27. Qe3 Rh8 {Beliavsky,A (2640)-Short,N (2635) Linares 1990 CBM 017 [Ftacnik,Lubomir] 0-1 (41)}) ({RR} 13. Bf5 Nbd7 14. Re1 g6 15. Bh3 Qc6 16. e4 dxe4 17. fxe4 Rad8 18. Bg5 cxd4 19. cxd4 h6 20. d5 Qc5+ 21. Be3 Qf8 22. Qf3 Nh7 23. Bxd7 Rxd7 24. h4 h5 25. Bd4 Qe7 26. Nxh5 Qxh4 27. Nf6+ Nxf6 {Peyrer,K (2415)-Moritz,A (2280) Germany GER 2025 1-0 (31)}) 13... Nbd7 $146 ({RR} 13... Bxd3 14. Qxd3 Qa6 15. Qxa6 Nxa6 16. Re2 Nc7 17. e4 cxd4 18. cxd4 Nb5 19. Bb2 Rac8 20. e5 Nd7 21. Nf5 Nf8 22. a4 g6 23. Ne3 Nc7 24. Rc2 Nfe6 25. Rfc1 Red8 26. Ng4 h5 27. Nf6+ Kg7 28. g3 {Hilarius,S (1874)-Corstjens,R (2064) Leiden 2019 1-0 (47)}) 14. Re2 Nf8 15. e4 cxd4 16. cxd4 Bxd3 17. Qxd3 N6d7 18. e5 Qc4 19. Qe3 Ne6 20. Bb2 g6 21. h4 f5 22. exf6 Nxf6 23. Rfe1 Qc7 24. Qf2 Nf4 25. Rxe8+ Rxe8 26. Rxe8+ Nxe8 27. Qe3 Nf6 28. Bc1 Nd3 29. Qe6+ Kg7 30. Bg5 Qf7 31. Bh6+ Kg8 32. Qc8+ Qe8 33. Qc7 Qf7 34. Qb8+ Ne8 35. Nf1 Qe7 36. Ne3 Kf7 37. Qg3 Qe6 38. Bg5 Nd6 39. h5 gxh5 40. Qh4 Kg6 41. Bf4 h6 42. Qg3+ Kf7 43. Qh4 Nxf4 44. Qxf4+ Kg6 45. Kh2 Nf7 46. Qg3+ Kh7 47. Qf4 Ng5 48. Qc7+ Kg6 49. Nf1 Qf6 50. Qxa7 Qxd4 51. Qc7 Qf6 52. Ng3 h4 53. Ne2 Nf7 54. Nf4+ Kg7 55. Nh5+ Kg6 56. Nxf6 Kxf6 57. Qxb6+ 1-0

[Event "chess.com SpeedChess 2022"]
[Site "chess.com INT"]
[Date "2022.12.08"]
[Round "1.35"]
[White "So, W.."]
[Black "Abdusattorov, Nodirbek"]
[Result "1-0"]
[WhiteElo "2760"]
[BlackElo "2713"]
[PlyCount "93"]
[EventDate "2022.11.23"]
[EventType "k.o."]

1. d4 Nf6 2. c4 e6 3. Nc3 Bb4 4. e3 O-O 5. Bd3 d5 6. a3 Bxc3+ 7. bxc3 b6 8. cxd5 exd5 9. Ne2 c5 10. O-O Ba6 11. f3 Re8 12. Ra2 Qc8 ({RR} 12... Bxd3 13. Qxd3 Nc6 14. g4 cxd4 15. cxd4 Ne7 16. Ng3 Ng6 17. g5 Nd7 18. e4 Rc8 19. e5 Ndf8 20. Be3 Qd7 21. Nf5 Rc4 22. Nd6 b5 23. f4 Rec8 24. Nxc8 Qxc8 25. f5 Nh4 26. Rf4 Rc3 27. Qf1 {Sheehan,E (2366)-Cruz,C (2477) New York USA 2025 1-0 (34)}) 13. Ng3 Nc6 ({RR} 13... Bxd3 14. Qxd3 Qa6 15. Qd1 Qc4 16. Re2 Nc6 17. Bb2 Rad8 18. Rfe1 h5 19. Qb1 g6 20. Nf1 h4 21. Qd1 Re6 22. Nd2 Qb5 23. Ba1 Nh5 24. dxc5 bxc5 25. c4 dxc4 26. Qc2 c3 27. Ne4 Qc4 28. Bxc3 {Vidit,S (2726)-Raja,H (2472) Chess.com INT 2020 1-0 (48)}) 14. Re2 h5 $146 ({RR} 14... cxd4 15. cxd4 Na5 16. e4 Bxd3 17. Qxd3 Qc4 18. Qxc4 Nxc4 19. e5 Nd7 20. f4 Nf8 21. f5 f6 22. Rfe1 Nd7 23. e6 Nf8 24. Nh5 Rac8 25. g4 Nd6 26. Bf4 Ne4 27. Rxe4 dxe4 28. d5 Rcd8 29. d6 {Vaganian,R (2449)-Vershinin,I (2285) chess.com INT 2024 0-1 (43)}) 15. Bxa6 Qxa6 16. e4 cxd4 17. cxd4 Qc4 18. Bb2 dxe4 19. fxe4 h4 20. Rxf6 hxg3 21. Rf3 gxh2+ 22. Kxh2 Rad8 23. Rg3 Nxd4 24. Ree3 Re6 25. Qh5 Rdd6 26. Rh3 Rh6 27. Qg4 Qc7 28. e5 Rdg6 29. Qxd4 Qc2 30. Reg3 Rxh3+ 31. Kxh3 Rh6+ 32. Kg4 Rg6+ 33. Kh3 Rh6+ 34. Kg4 Rg6+ 35. Kf4 Rc6 36. Qd8+ Kh7 37. Rh3+ Rh6 38. Rxh6+ gxh6 39. Qd4 Kg8 40. e6 Qc7+ 41. Qe5 Qc4+ 42. Kf5 Qc2+ 43. Kf6 Qc6 44. Ke7 Qb7+ 45. Kf6 Qc6 46. Qg3+ Kf8 47. Qb8+ 1-0